000 00314nam a2200133Ia 4500
008 230917s9999||||xx |||||||||||||| ||und||
040 _e90968
_aMAIN
041 _aEnglish
082 _a617 T155V
100 _aTandon, Ashok
245 0 _aVenous involvement in buerger's diseases
300 _a84 p.
942 _cTH
999 _c48902
_d48902